WHEATERS BASIC HISTOPATHOLOGY : A COLOUR ATLAS AND TEXT (Record no. 2786)

MARC details
000 -LEADER
fixed length control field 00393nam a2200145Ia 4500
008 - FIXED-LENGTH DATA ELEMENTS--GENERAL INFORMATION
fixed length control field 150201s2002 xx 000 0 und d
082 ## - DEWEY DECIMAL CLASSIFICATION NUMBER
Classification number 616.07
Item number H2002S
100 ## - MAIN ENTRY--PERSONAL NAME
Personal name ALAN STEVENS
245 ## - TITLE STATEMENT
Title WHEATERS BASIC HISTOPATHOLOGY : A COLOUR ATLAS AND TEXT
250 ## - EDITION STATEMENT
Edition statement 4TH
260 ## - PUBLICATION, DISTRIBUTION, ETC. (IMPRINT)
Name of publisher, distributor, etc. CHURCHILL LIVINGSTONE
Place of publication, distribution, etc. EDINBURGH
Date of publication, distribution, etc. 2002
300 ## - PHYSICAL DESCRIPTION
Extent 1-295
650 ## - SUBJECT ADDED ENTRY--TOPICAL TERM
Topical term or geographic name as entry element ORAL PATHOLOGY
942 ## - ADDED ENTRY ELEMENTS (KOHA)
Source of classification or shelving scheme Dewey Decimal Classification
Koha item type Books
Koha issues (borrowed), all copies 1
Holdings
Withdrawn status Lost status Source of classification or shelving scheme Damaged status Not for loan Home library Current library Date acquired Source of acquisition Cost, normal purchase price Serial Enumeration / chronology SGTU Bill Number Total Checkouts Full call number Barcode Date last seen Bill Date Koha item type Date last checked out
    Dewey Decimal Classification     SGT Dental Library SGT Dental Library 13/07/2003 U.B.S.DELHI 1800.00 1 SGTU 279   616.07 H2002S FD1267 09/02/2015 18/02/2012 Books  
    Dewey Decimal Classification     SGT Dental Library SGT Dental Library 13/07/2003 U.B.S.DELHI 1800.00 1 SGTU 279   616.07 H2002S FD1268 09/02/2015 18/02/2012 Books  
    Dewey Decimal Classification     SGT Dental Library SGT Dental Library 13/07/2003 U.B.S.DELHI 12.95 1 SGTU 279 1 616.07 H2002S FD1330 13/01/2025 23/02/2012 Books 31/12/2024